000 00392 a2200157 4500
001 156841
020 _a9788526278455
040 _cEscola São Tomás de Aquino
100 _aSALLUT, Elza Cézar
240 1 0 _aSabe quem puxou a orelha do coelho?
_lpor
245 1 0 _aSabe quem puxou a orelha do coelho?
300 _a16
362 0 _a2005
697 _a*LITERATURA INFANTIL
942 _cBK
999 _c156841
_d156841